[Event "Collado Villalba op 40th"]
[Site "Collado Villalba"]
[Date "2023.08.25"]
[Round "4"]
[White "Martin Consuegra, Barrilero Javier"]
[Black "Cortijo Manso, Luis"]
[Result "1-0"]
[WhiteElo "1677"]
[BlackElo "1345"]
[PlyCount "55"]
[EventDate "2023.08.22"]
[EventType "swiss"]
[EventRounds "9"]
[EventCountry "ESP"]
[SourceTitle "EXT 2024"]
[Source "ChessBase"]
[SourceDate "2023.10.10"]
[SourceVersion "1"]
[SourceVersionDate "2023.10.10"]
[SourceQuality "1"]

1. d4 d5 2. Bf4 e6 3. e3 Bd6 4. Bg3 Nf6 5. Bd3 a6 6. c4 dxc4 7. Bxc4 Ne4 8. Nf3 Bb4+ 9. Nbd2 b5 10. Be2 Bb7 11. 0-0 Nxg3 12. hxg3 Nd7 13. a3 Be7 14. b4 0-0 15. Nb3 Nf6 16. Nc5 Rb8 17. Nxb7 Rxb7 18. Ne5 Qd6 19. Bf3 Rb6 20. Qc2 Nd5 21. Rfc1 f6 22. Nc6 Re8 23. e4 Ne3 24. fxe3 Qxg3 25. Nxe7+ Rxe7 26. Qf2 Qd6 27. Rc5 Rc6 28. e5 1-0

[Event "Madrid-ch Previa A"]
[Site "Madrid"]
[Date "2023.02.20"]
[Round "7.10"]
[White "Martin Consuegra, Barrilero Javier"]
[Black "Rodriguez Garcia, Jose Maria"]
[Result "0-1"]
[WhiteElo "1665"]
[BlackElo "1977"]
[PlyCount "62"]
[EventDate "2023.02.06"]
[EventType "swiss"]
[EventRounds "9"]
[EventCountry "ESP"]
[SourceTitle "EXT 2024"]
[Source "ChessBase"]
[SourceDate "2023.10.10"]
[SourceVersion "1"]
[SourceVersionDate "2023.10.10"]
[SourceQuality "1"]

1. Nf3 e6 2. g3 d5 3. c4 c6 4. b3 Nf6 5. Bg2 Bd6 6. Bb2 Nbd7 7. 0-0 e5 8. cxd5 cxd5 9. d3 0-0 10. Nbd2 Re8 11. e4 dxe4 12. Nxe4 Nxe4 13. dxe4 Qe7 14. Rc1 Nf6 15. Nd2 b5 16. Nb1 Bg4 17. Bf3 Bh3 18. Re1 Rad8 19. Qe2 Bb4 20. Red1 Rxd1+ 21. Rxd1 a6 22. Qd3 h5 23. a3 Bc5 24. b4 Bb6 25. Qd6 Qa7 26. Bxe5 Rd8 27. Qc6 Rxd1+ 28. Bxd1 Bxf2+ 29. Kh1 Qe3 30. Qc3 Qxe4+ 31. Qf3 Qe1# 0-1

[Event "Collado Villalba op 38th"]
[Site "Collado Villalba"]
[Date "2021.08.26"]
[Round "6"]
[White "Martin Consuegra, Barrilero Javier"]
[Black "Gomez Alonso, Daniel Eduardo"]
[Result "0-1"]
[WhiteElo "1748"]
[BlackElo "1575"]
[PlyCount "74"]
[EventDate "2021.08.21"]
[EventType "swiss"]
[EventRounds "9"]
[EventCountry "ESP"]
[SourceTitle "CBM 204 Extra"]
[Source "ChessBase"]
[SourceDate "2021.11.30"]
[SourceVersion "1"]
[SourceVersionDate "2021.11.30"]
[SourceQuality "1"]

1. d4 d5 2. Bf4 Nf6 3. e3 c5 4. c3 Nc6 5. Nd2 Bf5 6. Qb3 Qb6 7. dxc5 Qxb3 8. Nxb3 e5 9. Bg3 Ne4 10. Nf3 f6 11. Bb5 Nxc5 12. 0-0 0-0-0 13. Nxc5 Bxc5 14. b4 Bb6 15. a4 a5 16. bxa5 Nxa5 17. Nd2 Rhf8 18. Rfc1 Rf7 19. c4 Rc7 20. h3 Kb8 21. cxd5 Rxc1+ 22. Rxc1 Rxd5 23. e4 Rxd2 24. exf5 Nb3 25. Rb1 Nd4 26. Bf1 Ka7 27. Kh2 Nxf5 28. f4 Nxg3 29. Kxg3 e4 30. Kg4 e3 31. Re1 Rf2 32. Bb5 Rxg2+ 33. Kf3 Rf2+ 34. Kg4 Bc7 35. Rxe3 Rxf4+ 36. Kh5 Bb6 37. Rd3 Bf2 0-1

[Event "Collado Villalba op 38th"]
[Site "Collado Villalba"]
[Date "2021.08.24"]
[Round "4"]
[White "Martin Consuegra, Barrilero Javier"]
[Black "Davila Duarte, Guillermo"]
[Result "1-0"]
[WhiteElo "1748"]
[BlackElo "1542"]
[PlyCount "49"]
[EventDate "2021.08.21"]
[EventType "swiss"]
[EventRounds "9"]
[EventCountry "ESP"]
[SourceTitle "CBM 204 Extra"]
[Source "ChessBase"]
[SourceDate "2021.11.30"]
[SourceVersion "1"]
[SourceVersionDate "2021.11.30"]
[SourceQuality "1"]

1. d4 d5 2. Bf4 Nf6 3. e3 e6 4. Bd3 c5 5. c3 Nc6 6. Nd2 Bd6 7. Bg3 0-0 8. Ngf3 b6 9. e4 Be7 10. e5 Nh5 11. Qe2 Bb7 12. a3 Rc8 13. 0-0 Nxg3 14. hxg3 cxd4 15. cxd4 Rc7 16. Nb1 Na5 17. Nc3 Bc6 18. Nd2 Bg5 19. f4 Be7 20. Rac1 Nc4 21. Nxc4 dxc4 22. Be4 Qxd4+ 23. Kh2 Bxe4 24. Nxe4 Qd3 25. Qxd3 1-0

[Event "Collado Villalba op-A 36th"]
[Site "Collado Villalba"]
[Date "2019.08.28"]
[Round "6"]
[White "Mejias Robles, Fermin Vicente"]
[Black "Martin Consuegra, Barrilero Javier"]
[Result "1/2-1/2"]
[WhiteElo "1935"]
[BlackElo "1817"]
[PlyCount "131"]
[EventDate "2019.08.23"]
[EventType "swiss"]
[EventRounds "9"]
[EventCountry "ESP"]
[SourceTitle "CBM 192 Extra"]
[Source "Chessbase"]
[SourceDate "2019.11.06"]
[SourceVersion "1"]
[SourceVersionDate "2019.11.06"]
[SourceQuality "1"]

1. c4 d6 2. d4 Nf6 3. Nc3 c6 4. e4 Nbd7 5. Nf3 e5 6. Be2 Be7 7. 0-0 0-0 8. b3 Re8 9. Bb2 Qc7 10. Qd2 Bf8 11. Bd3 exd4 12. Nxd4 Nc5 13. Rae1 Nxd3 14. Qxd3 a6 15. h3 Be6 16. f4 Rad8 17. g4 c5 18. Nde2 Qc6 19. Ng3 Bc8 20. Kh2 Kh8 21. g5 Ng8 22. h4 Bg4 23. Nd5 h5 24. f5 Re5 25. Nf4 Qc7 26. Re3 Kh7 27. Kg2 Ne7 28. Nfxh5 Nc6 29. Rf4 Bxh5 30. Nxh5 Nd4 31. Bxd4 cxd4 32. Rg3 Kg8 33. Qxd4 b5 34. Rc3 Rc8 35. Rf1 Qb7 36. Ng3 bxc4 37. Rxc4 Rxc4 38. bxc4 Rc5 39. Rf2 Qb4 40. Rc2 Qa4 41. Qc3 Qc6 42. h5 Rxf5 43. g6 Rf6 44. gxf7+ Kxf7 45. Qd4 Ke8 46. Rb2 Rf7 47. Rb6 Qc8 48. Qd5 Rc7 49. Rb4 Rc5 50. Qd4 Qg4 51. Qf2 Be7 52. Qf3 Qg5 53. Rb8+ Kd7 54. e5 Rxe5 55. Rb7+ Ke6 56. c5 Rxc5 57. Qe2+ Kf7 58. Rb3 Qd5+ 59. Kh2 Rb5 60. Rf3+ Bf6 61. Rf2 Qe5 62. Qc4+ d5 63. Qg4 Rb2 64. Qd7+ Kg8 65. Rxb2 Qxb2+ 66. Kh3 1/2-1/2

[Event "Collado Villalba op-A 36th"]
[Site "Collado Villalba"]
[Date "2019.08.25"]
[Round "3"]
[White "Martin Consuegra, Barrilero Javier"]
[Black "Elissalt Cardenas, Hector"]
[Result "0-1"]
[WhiteElo "1817"]
[BlackElo "2284"]
[PlyCount "92"]
[EventDate "2019.08.23"]
[EventType "swiss"]
[EventRounds "9"]
[EventCountry "ESP"]
[SourceTitle "CBM 192 Extra"]
[Source "Chessbase"]
[SourceDate "2019.11.06"]
[SourceVersion "1"]
[SourceVersionDate "2019.11.06"]
[SourceQuality "1"]

1. d4 Nf6 2. Bf4 e6 3. e3 b6 4. Nd2 Bb7 5. Ngf3 g6 6. h3 Bg7 7. Bd3 0-0 8. 0-0 d5 9. Re1 c5 10. c3 Nbd7 11. Bh2 Ne4 12. Ne5 Nxe5 13. Bxe5 Bxe5 14. dxe5 Nxd2 15. Qxd2 Qc7 16. f4 f6 17. exf6 Rxf6 18. Qe2 Raf8 19. Rf1 e5 20. fxe5 Qxe5 21. Rxf6 Rxf6 22. Re1 Kg7 23. e4 Re6 24. Ba6 Ba8 25. Rd1 Qxe4 26. Qxe4 Rxe4 27. Bd3 Re5 28. Kf2 Kf6 29. a3 Bc6 30. b4 Ke7 31. g3 Kd6 32. Bc2 Bb5 33. Rd2 Kc6 34. a4 Bc4 35. Bd3 Bxd3 36. Rxd3 cxb4 37. cxb4 Re4 38. Rb3 d4 39. Rf3 Re7 40. Rf8 Kd5 41. Rc8 d3 42. a5 Kd4 43. Rd8+ Kc3 44. axb6 axb6 45. Kf3 d2 46. Kf2 Re1 0-1

[Event "Collado Villalba 64 op 7th"]
[Site "Collado Villalba"]
[Date "2019.08.04"]
[Round "9"]
[White "Martin Consuegra, Barrilero Javier"]
[Black "Cujba, Anca Claudia"]
[Result "1-0"]
[WhiteElo "1828"]
[BlackElo "1620"]
[PlyCount "101"]
[EventDate "2019.07.29"]
[EventType "swiss"]
[EventRounds "9"]
[EventCountry "ESP"]
[SourceTitle "CBM 195 Extra"]
[Source "ChessBase"]
[SourceDate "2020.05.31"]
[SourceVersion "1"]
[SourceVersionDate "2020.05.31"]
[SourceQuality "1"]

1. d4 Nc6 2. Bf4 d5 3. e3 g6 4. Nf3 Bg7 5. Be2 Bf5 6. a3 Nh6 7. c4 0-0 8. Nc3 e6 9. h3 Na5 10. g4 Be4 11. Nxe4 dxe4 12. Ng5 c5 13. Nxe4 cxd4 14. exd4 Bxd4 15. Bxh6 f5 16. Nc3 Qb6 17. Be3 Bxe3 18. fxe3 Qxb2 19. Qc1 Qb6 20. 0-0 Nb3 21. Qb2 Qxe3+ 22. Kg2 Nxa1 23. Rxa1 Rad8 24. Rd1 b6 25. Qc1 Qxc1 26. Rxc1 f4 27. Ne4 Rd4 28. Kf3 h6 29. h4 Kg7 30. Rc3 e5 31. c5 bxc5 32. Rxc5 Rb8 33. Rxe5 Rb3+ 34. Kxf4 Rxa3 35. Re7+ Kf8 36. Rc7 a5 37. Ba6 Rb4 38. Ke5 Re3 39. Bb7 a4 40. Bd5 a3 41. Ra7 Rb2 42. Kf6 Rb6+ 43. Ke5 Ke8 44. Kd4 Rh3 45. h5 gxh5 46. gxh5 Rb2 47. Nd6+ Kd8 48. Nc4 Rh4+ 49. Kc5 Rc2 50. Kd6 Kc8 51. Nb6+ 1-0

[Event "Collado Villalba 64 op 7th"]
[Site "Collado Villalba"]
[Date "2019.07.30"]
[Round "2"]
[White "Martin Consuegra, Barrilero Javier"]
[Black "Martin Duque, Jesus"]
[Result "0-1"]
[WhiteElo "1828"]
[BlackElo "2331"]
[PlyCount "64"]
[EventDate "2019.07.29"]
[EventType "swiss"]
[EventRounds "9"]
[EventCountry "ESP"]
[SourceTitle "CBM 195 Extra"]
[Source "ChessBase"]
[SourceDate "2020.05.31"]
[SourceVersion "1"]
[SourceVersionDate "2020.05.31"]
[SourceQuality "1"]

1. d4 Nf6 2. Bf4 b6 3. e3 Bb7 4. Nf3 g6 5. h3 Bg7 6. Be2 0-0 7. 0-0 d6 8. c4 Nbd7 9. Nc3 Ne4 10. Qc2 Nxc3 11. bxc3 e5 12. Bh2 Qe7 13. a4 a5 14. Rfe1 Rab8 15. Nd2 f5 16. Bf1 Kh8 17. f3 e4 18. f4 Bf6 19. Bg3 Rg8 20. Nb3 Rg7 21. Qf2 Rbg8 22. Ra2 Bc6 23. Rd1 Qf7 24. d5 Bb7 25. Nd4 Nc5 26. Bh4 Bxh4 27. Qxh4 g5 28. fxg5 Rxg5 29. Kh2 Qg6 30. Rdd2 Bc8 31. Nc6 Qg7 32. Ra3 Ba6 0-1

[Event "Tres Cantos op 11th"]
[Site "Tres Cantos"]
[Date "2019.06.27"]
[Round "6"]
[White "Moreno Uribarri, Miguel"]
[Black "Martin Consuegra, Barrilero Javier"]
[Result "0-1"]
[WhiteElo "1710"]
[BlackElo "1828"]
[PlyCount "50"]
[EventDate "2019.06.22"]
[EventType "swiss"]
[EventRounds "9"]
[EventCountry "ESP"]
[SourceTitle "CBM 195 Extra"]
[Source "ChessBase"]
[SourceDate "2020.05.31"]
[SourceVersion "1"]
[SourceVersionDate "2020.05.31"]
[SourceQuality "1"]

1. e4 d6 2. d4 Nf6 3. Nc3 e5 4. dxe5 dxe5 5. Qxd8+ Kxd8 6. Nf3 Bd6 7. Be3 Be6 8. 0-0-0 Nbd7 9. Ng5 a6 10. f3 h6 11. Nxe6+ fxe6 12. Be2 Ke7 13. g4 Bc5 14. Bd2 Nh7 15. h4 Ndf8 16. h5 Ng5 17. Bxg5+ hxg5 18. Rd3 Nd7 19. Rdd1 Be3+ 20. Kb1 Rh6 21. a3 Rah8 22. Rd3 Bd4 23. Na4 b5 24. Nc3 g6 25. Rhd1 Nc5 0-1

[Event "Madrid-ch Seniors 65"]
[Site "Madrid"]
[Date "2019.01.29"]
[Round "7"]
[White "Martin Consuegra, Barrilero Javier"]
[Black "Gonzalez Rivera, Eduardo"]
[Result "0-1"]
[WhiteElo "1775"]
[BlackElo "2025"]
[PlyCount "62"]
[EventDate "2019.01.21"]
[EventType "swiss"]
[EventRounds "7"]
[EventCountry "ESP"]
[SourceTitle "CBM 188 Extra"]
[Source "ChessBase"]
[SourceDate "2019.02.26"]
[SourceVersion "1"]
[SourceVersionDate "2019.02.26"]
[SourceQuality "1"]

1. d4 d5 2. Bf4 Nf6 3. e3 e6 4. Bd3 Bd6 5. Bg3 c5 6. c3 Qc7 7. Nf3 Nbd7 8. Nbd2 0-0 9. 0-0 b6 10. e4 Bxg3 11. hxg3 dxe4 12. Nxe4 Nxe4 13. Bxe4 Bb7 14. Qe2 Rfd8 15. Rfd1 Rac8 16. Bxb7 Qxb7 17. Ne5 Nxe5 18. dxe5 Rd5 19. c4 Qa6 20. Rxd5 exd5 21. e6 Qxc4 22. exf7+ Kxf7 23. Qh5+ Kg8 24. Re1 Rf8 25. Qe5 d4 26. b3 Qf7 27. f3 h6 28. b4 cxb4 29. Qxd4 a5 30. Qxb6 Qxa2 31. Re5 Qa1+ 0-1

[Event "Collado Villalba op-A 35th"]
[Site "Collado Villalba"]
[Date "2018.08.31"]
[Round "8"]
[White "Carrasco Coquillat, Jorge"]
[Black "Martin Consuegra, Barrilero Javier"]
[Result "0-1"]
[WhiteElo "1799"]
[BlackElo "1766"]
[PlyCount "54"]
[EventDate "2018.08.24"]
[EventType "swiss"]
[EventRounds "9"]
[EventCountry "ESP"]
[SourceTitle "CBM 186 Extra"]
[Source "ChessBase"]
[SourceDate "2018.08.24"]
[SourceVersion "1"]
[SourceVersionDate "2018.08.24"]
[SourceQuality "1"]

1. c4 d6 2. Nc3 e5 3. g3 c6 4. Bg2 Nf6 5. e4 Be7 6. Nge2 0-0 7. d4 Nbd7 8. 0-0 a6 9. a4 a5 10. h3 Qc7 11. f4 exd4 12. Nxd4 Nc5 13. g4 Ne8 14. g5 f6 15. h4 g6 16. f5 Ng7 17. Qc2 Bd7 18. Nce2 Rae8 19. Rf2 Qd8 20. fxg6 hxg6 21. Nf4 Kh7 22. e5 f5 23. Nf3 Ne4 24. Re2 dxe5 25. Nd3 Bd6 26. Nd2 Ng3 27. Re1 e4 0-1

[Event "Collado Villalba op-A 35th"]
[Site "Collado Villalba"]
[Date "2018.08.27"]
[Round "4"]
[White "Martin Consuegra, Barrilero Javier"]
[Black "Camarero Izquierdo, Juan Carlos"]
[Result "0-1"]
[WhiteElo "1766"]
[BlackElo "1963"]
[PlyCount "98"]
[EventDate "2018.08.24"]
[EventType "swiss"]
[EventRounds "9"]
[EventCountry "ESP"]
[SourceTitle "CBM 186 Extra"]
[Source "ChessBase"]
[SourceDate "2018.08.24"]
[SourceVersion "1"]
[SourceVersionDate "2018.08.24"]
[SourceQuality "1"]

1. d4 f5 2. Bf4 e6 3. e3 d5 4. Be2 Nf6 5. h3 Bd6 6. Bxd6 Qxd6 7. a3 Nbd7 8. Nf3 0-0 9. 0-0 Ne4 10. c4 c6 11. Nc3 Rf6 12. Nd2 Rh6 13. f4 Nxd2 14. Qxd2 Nf6 15. c5 Qe7 16. b4 Bd7 17. Bf3 Kh8 18. Nd1 Rg8 19. Kf2 g5 20. fxg5 Rxg5 21. Rg1 Rhg6 22. Kf1 Ne4 23. Qc1 Rg3 24. Ra2 Qg5 25. Bxe4 fxe4 26. Rf2 Rxh3 27. Qd2 Kg8 28. Rf4 Rhh6 29. Ke1 e5 30. dxe5 Qxe5 31. Qd4 Qxd4 32. exd4 Rg3 33. Rgf1 Be6 34. Rf6 Rxf6 35. Rxf6 Bg4 36. Kf2 Rxa3 37. Ne3 h5 38. Rd6 Rb3 39. Nxg4 hxg4 40. Rd8+ Kf7 41. Rd7+ Kf6 42. Rxb7 a5 43. Rb6 Rxb4 44. Rxc6+ Ke7 45. Kg3 Rxd4 46. Rd6 e3 47. Rb6 Rd1 48. Rb2 d4 49. Kxg4 d3 0-1

[Event "Mostoles op 9th"]
[Site "Mostoles"]
[Date "2018.07.21"]
[Round "5"]
[White "Martin Consuegra, Barrilero Javier"]
[Black "Enriquez Pastor, Jorge"]
[Result "1-0"]
[WhiteElo "1777"]
[BlackElo "1442"]
[PlyCount "59"]
[EventDate "2018.07.17"]
[EventType "swiss"]
[EventRounds "9"]
[EventCountry "ESP"]
[SourceTitle "CBM 186 Extra"]
[Source "ChessBase"]
[SourceDate "2018.08.24"]
[SourceVersion "1"]
[SourceVersionDate "2018.08.24"]
[SourceQuality "1"]

1. d4 d5 2. Bf4 e6 3. e3 c5 4. c3 Bd6 5. Bg3 Nf6 6. Nd2 0-0 7. Bd3 Nc6 8. Ngf3 cxd4 9. exd4 Re8 10. Ne5 Qc7 11. Qe2 Ne7 12. 0-0 Ng6 13. Rae1 a6 14. Ndf3 b5 15. a3 Bb7 16. Ng5 Bxe5 17. dxe5 Ne4 18. Bxe4 dxe4 19. Qh5 h6 20. Nxe4 Bxe4 21. Rxe4 Red8 22. Rd1 Rxd1+ 23. Qxd1 Rd8 24. Rd4 Rxd4 25. Qxd4 Ne7 26. Qd6 Qxd6 27. exd6 Nc6 28. d7 Kf8 29. Bd6+ Kg8 30. Bc7 1-0

[Event "Mostoles op 9th"]
[Site "Mostoles"]
[Date "2018.07.20"]
[Round "4"]
[White "Yaniz Lana, Francisco Javier"]
[Black "Martin Consuegra, Barrilero Javier"]
[Result "1/2-1/2"]
[WhiteElo "1546"]
[BlackElo "1777"]
[PlyCount "122"]
[EventDate "2018.07.17"]
[EventType "swiss"]
[EventRounds "9"]
[EventCountry "ESP"]
[SourceTitle "CBM 186 Extra"]
[Source "ChessBase"]
[SourceDate "2018.08.24"]
[SourceVersion "1"]
[SourceVersionDate "2018.08.24"]
[SourceQuality "1"]

1. d4 d6 2. Nf3 Nf6 3. g3 c6 4. Bg2 Nbd7 5. 0-0 e5 6. c4 Be7 7. Nc3 0-0 8. Qc2 Re8 9. Rd1 Bf8 10. dxe5 dxe5 11. Ng5 Qc7 12. Nce4 h6 13. Nxf6+ Nxf6 14. Ne4 Nxe4 15. Bxe4 Be6 16. Be3 c5 17. Rd3 f5 18. Bd5 e4 19. Bxe6+ Rxe6 20. Rd5 Rf6 21. Rad1 Rf7 22. Qd2 Re8 23. Bf4 Qc6 24. Rd7 Rxd7 25. Qxd7 Qxd7 26. Rxd7 Re7 27. Rd5 Rf7 28. a4 g5 29. Be3 b6 30. a5 bxa5 31. Bxc5 f4 32. Bxf8 Kxf8 33. Rxa5 f3 34. exf3 exf3 35. h3 Kg7 36. Ra3 h5 37. c5 Rc7 38. b4 g4 39. hxg4 hxg4 40. Rc3 Kf6 41. Kf1 a6 42. Rc2 Ke5 43. Ke1 Kd4 44. Kd2 Rc6 45. Rc3 Re6 46. Re3 Rc6 47. Rd3+ Ke5 48. Ke3 a5 49. Rd6 Rc8 50. Rd4 axb4 51. Rxb4 Rxc5 52. Rxg4 Rc3+ 53. Kd2 Ra3 54. Rc4 Ra8 55. Kd3 Kd5 56. Rd4+ Ke5 57. Ke3 Rf8 58. Rf4 Rxf4 59. gxf4+ Kf5 60. Kxf3 Kf6 61. f5 Kxf5 1/2-1/2

[Event "Collado Villalba 64 op 6th"]
[Site "Collado Villalba"]
[Date "2018.07.08"]
[Round "2"]
[White "Orta Vazquez, Mario"]
[Black "Martin Consuegra, Barrilero Javier"]
[Result "1/2-1/2"]
[WhiteElo "1427"]
[BlackElo "1777"]
[PlyCount "102"]
[EventDate "2018.07.08"]
[EventType "swiss"]
[EventRounds "7"]
[EventCountry "ESP"]
[SourceTitle "EXT 2019"]
[Source "ChessBase"]
[SourceDate "2018.10.10"]
[SourceVersion "1"]
[SourceVersionDate "2018.10.10"]
[SourceQuality "1"]

1. Nf3 d6 2. c4 e5 3. Nc3 Nf6 4. d3 c6 5. g3 Be7 6. Bg2 h6 7. Qc2 a5 8. a4 Na6 9. b3 Be6 10. Ba3 Qc7 11. 0-0 0-0 12. Rab1 Nd7 13. e3 Rfe8 14. Rbc1 Rac8 15. Qb1 Qb6 16. Ne4 d5 17. Nd6 Bxd6 18. Bxd6 f6 19. Ba3 Nb4 20. Nd2 d4 21. Ne4 c5 22. Bxb4 axb4 23. Qb2 f5 24. Nd2 Nf6 25. exd4 exd4 26. Rce1 Bf7 27. Nf3 Qc7 28. Qd2 b6 29. Rxe8+ Rxe8 30. Re1 Kf8 31. Rxe8+ Nxe8 32. Qe1 Nf6 33. Qe5 Qxe5 34. Nxe5 Be8 35. h3 Ke7 36. Bc6 Bh5 37. Bf3 Kd6 38. Bxh5 Kxe5 39. f4+ Ke6 40. Bf3 g5 41. fxg5 hxg5 42. Kf2 Ke5 43. Bb7 Ng8 44. Kf3 Ne7 45. g4 f4 46. Be4 Nc8 47. Bb7 Nd6 48. Bc6 Nf7 49. Be4 Nd6 50. Ba8 Ne8 51. Bd5 Nd6 1/2-1/2

[Event "Tres Cantos op 10th"]
[Site "Tres Cantos"]
[Date "2018.06.28"]
[Round "8.21"]
[White "Camarero Izquierdo, Juan Carlos"]
[Black "Martin Consuegra, Barrilero Javier"]
[Result "1-0"]
[WhiteElo "1907"]
[BlackElo "1777"]
[PlyCount "59"]
[EventDate "2018.06.21"]
[EventType "swiss"]
[EventRounds "9"]
[EventCountry "ESP"]
[SourceTitle "EXT 2024"]
[Source "ChessBase"]
[SourceDate "2023.10.10"]
[SourceVersion "1"]
[SourceVersionDate "2023.10.10"]
[SourceQuality "1"]

1. d4 d6 2. Nc3 e5 3. d5 Nf6 4. e4 Be7 5. f3 c6 6. Be3 c5 7. g4 a6 8. g5 Nh5 9. Qd2 b5 10. Nce2 Nd7 11. h4 Nb6 12. b3 Bd7 13. Bh3 b4 14. Bxd7+ Qxd7 15. Nh3 f5 16. gxf6 Bxf6 17. Ng5 Bxg5 18. hxg5 g6 19. f4 exf4 20. Bxf4 0-0 21. 0-0-0 a5 22. e5 Nxf4 23. Nxf4 dxe5 24. Ne6 Rfc8 25. Rh6 a4 26. Qd3 Qe8 27. Rdh1 Ra7 28. Qh3 Qd7 29. Rxg6+ Kh8 30. Qf5 1-0

[Event "Tres Cantos op 10th"]
[Site "Tres Cantos"]
[Date "2018.06.26"]
[Round "6.21"]
[White "Martin Consuegra, Barrilero Javier"]
[Black "Pajuelo Morales, Francisco Javier"]
[Result "1/2-1/2"]
[WhiteElo "1777"]
[BlackElo "1909"]
[PlyCount "33"]
[EventDate "2018.06.21"]
[EventType "swiss"]
[EventRounds "9"]
[EventCountry "ESP"]
[SourceTitle "EXT 2024"]
[Source "ChessBase"]
[SourceDate "2023.10.10"]
[SourceVersion "1"]
[SourceVersionDate "2023.10.10"]
[SourceQuality "1"]

1. d4 d5 2. Bf4 e6 3. e3 Nf6 4. Bd3 Bd6 5. Bg3 Qe7 6. Nf3 0-0 7. 0-0 Bxg3 8. hxg3 c5 9. c4 dxc4 10. Bxc4 Nc6 11. dxc5 Rd8 12. Qe2 Qxc5 13. Nc3 b6 14. Rfd1 Bb7 15. Ba6 Bxa6 16. Qxa6 Qe7 17. Qe2 1/2-1/2

[Event "Madrid-ch Previa-A"]
[Site "Madrid"]
[Date "2018.02.21"]
[Round "9"]
[White "Carrasco Coquillat, Jorge"]
[Black "Martin Consuegra, Barrilero Javier"]
[Result "1/2-1/2"]
[WhiteElo "1726"]
[BlackElo "1785"]
[PlyCount "20"]
[EventDate "2018.02.05"]
[EventType "swiss"]
[EventRounds "9"]
[EventCountry "ESP"]
[SourceTitle "EXT 2020"]
[Source "ChessBase"]
[SourceDate "2019.10.17"]
[SourceVersion "1"]
[SourceVersionDate "2019.10.17"]
[SourceQuality "1"]

1. c4 d6 2. Nc3 e5 3. g3 Nf6 4. Bg2 c6 5. e3 Be7 6. Nge2 Be6 7. d3 0-0 8. 0-0 d5 9. cxd5 cxd5 10. d4 e4 1/2-1/2

[Event "Madrid-ch Previa-A"]
[Site "Madrid"]
[Date "2018.02.20"]
[Round "8"]
[White "Martin Consuegra, Barrilero Javier"]
[Black "Mora Agudo, Jose Alberto"]
[Result "1-0"]
[WhiteElo "1785"]
[BlackElo "1480"]
[PlyCount "84"]
[EventDate "2018.02.05"]
[EventType "swiss"]
[EventRounds "9"]
[EventCountry "ESP"]
[SourceTitle "EXT 2020"]
[Source "ChessBase"]
[SourceDate "2019.10.17"]
[SourceVersion "1"]
[SourceVersionDate "2019.10.17"]
[SourceQuality "1"]

1. d4 Nf6 2. Nf3 g6 3. Bf4 Bg7 4. h3 0-0 5. e3 d6 6. Be2 c5 7. c3 Be6 8. Nbd2 cxd4 9. exd4 Qb6 10. Qc1 Nc6 11. Nc4 Bxc4 12. Bxc4 Rac8 13. Be3 d5 14. Be2 Ne4 15. Qb1 Qc7 16. 0-0 e5 17. dxe5 Nxe5 18. Nxe5 Bxe5 19. Qd3 Qc6 20. Rad1 Rfd8 21. Bd4 Bxd4 22. Qxd4 Qc5 23. Qxc5 Rxc5 24. Rd4 Rc6 25. Rfd1 Rcd6 26. Bf3 f5 27. Bxe4 fxe4 28. c4 Rc8 29. cxd5 Rc2 30. R1d2 Rxd2 31. Rxd2 Kf7 32. Rd4 Kf6 33. Rxe4 Rxd5 34. Rb4 Rd1+ 35. Kh2 b6 36. a4 Ke5 37. Kg3 Rd4 38. Rxd4 Kxd4 39. Kf4 h6 40. g4 Kc4 41. Ke5 Kb4 42. f4 Kxa4 1-0

[Event "Collado Villalba op-B 34th"]
[Site "Collado Villalba"]
[Date "2017.08.23"]
[Round "2"]
[White "Martin Consuegra, Barrilero Javier"]
[Black "Garcia Lopez, Fernando"]
[Result "1/2-1/2"]
[WhiteElo "1819"]
[BlackElo "1558"]
[PlyCount "85"]
[EventDate "2017.08.22"]
[EventType "swiss"]
[EventRounds "9"]
[EventCountry "ESP"]
[SourceTitle "CBM 180 Extra"]
[Source "ChessBase"]
[SourceDate "2017.10.06"]
[SourceVersion "1"]
[SourceVersionDate "2017.10.06"]
[SourceQuality "1"]

1. Nf3 Nf6 2. d4 d5 3. Bf4 e6 4. e3 Bb4+ 5. c3 Bd6 6. Bg3 Bxg3 7. hxg3 Nc6 8. Bd3 h6 9. a3 a6 10. Nbd2 Bd7 11. Qe2 Qe7 12. Ne5 Nxe5 13. dxe5 Nh7 14. f4 Qc5 15. Nf3 Bb5 16. Bxb5+ Qxb5 17. Qxb5+ axb5 18. Nd4 c6 19. Kd2 Nf8 20. Raf1 Nd7 21. Kc2 Nc5 22. g4 Ne4 23. Rf3 Ke7 24. Nb3 g6 25. Nd2 Nxd2 26. Kxd2 Rh7 27. Rfh3 Rah8 28. g5 h5 29. Rh4 Kf8 30. Kd3 c5 31. e4 dxe4+ 32. Kxe4 Ke7 33. Rd1 Rd8 34. Rxd8 Kxd8 35. Rh3 Rh8 36. c4 bxc4 37. Rc3 b5 38. b3 Kc7 39. bxc4 Kc6 40. cxb5+ Kxb5 41. g3 Rd8 42. Rd3 Ra8 43. Rc3 1/2-1/2

[Event "Collado Villalba 64 op 5th"]
[Site "Collado Villalba"]
[Date "2017.07.27"]
[Round "5"]
[White "Martin Consuegra, Barrilero Javier"]
[Black "Santo Domingo Pascual, Ignacio"]
[Result "1-0"]
[WhiteElo "1818"]
[BlackElo "1556"]
[PlyCount "85"]
[EventDate "2017.07.23"]
[EventType "swiss"]
[EventRounds "9"]
[EventCountry "ESP"]
[SourceTitle "CBM 179 Extra"]
[Source "ChessBase"]
[SourceDate "2017.08.23"]
[SourceVersion "1"]
[SourceVersionDate "2017.08.23"]
[SourceQuality "1"]

1. d4 Nf6 2. Bf4 e6 3. e3 d5 4. Nf3 c5 5. c3 Nc6 6. Bd3 cxd4 7. exd4 Be7 8. 0-0 h6 9. Re1 0-0 10. Nbd2 Nh5 11. Be3 Qc7 12. Nf1 Nf4 13. Bc2 Bf6 14. Qd2 Ng6 15. g3 e5 16. Bxg6 fxg6 17. dxe5 Bxe5 18. Qxd5+ Kh7 19. Nxe5 Nxe5 20. Bf4 Rxf4 21. gxf4 Ng4 22. Qf3 Bf5 23. Ne3 Nxe3 24. fxe3 Re8 25. e4 Qb6+ 26. Qf2 Qxf2+ 27. Kxf2 Rxe4 28. Rxe4 Bxe4 29. Re1 Bc6 30. h4 Bd5 31. a3 Kg8 32. Re7 Kf8 33. Rc7 Bc6 34. c4 a5 35. b4 axb4 36. axb4 g5 37. fxg5 hxg5 38. hxg5 g6 39. Ke3 Ke8 40. Kf4 Kf8 41. Ke5 Bg2 42. Kf6 Bh3 43. Kxg6 1-0